00298pab a2200121 454500008004000000100002200040245005600062260000900118300001100127362000800138650001000146773002000156180718b1999 xxu||||| |||| 00| 0 eng d aDasgupta, Rajaram aSelf help groups: role of central banking authority c1999 ap.8-10 aJul aBanks aBanking Finance